| Tag |
First Indicator |
Second Indicator |
Subfields |
| LEADER |
00000cam a2200000 a 4500 |
| 001 |
in00000097693 |
| 005 |
20150924085407.0 |
| 008 |
820309s1980 enka b 00110 eng |
| 010 |
|
|
|a 81144456
|
| 015 |
|
|
|a GB***
|
| 020 |
|
|
|a 0435981307 :
|c 912.00
|
| 020 |
|
|
|a 0435981315 (pbk.)
|
| 035 |
|
|
|a (OCoLC)07154897
|
| 035 |
|
|
|9 AAK9317AM
|
| 039 |
0 |
|
|a 2
|b 3
|c 3
|d 3
|e 3
|
| 040 |
|
|
|a DLC
|c DLC
|d TXA
|d UtOrBLW
|
| 043 |
|
|
|a cc-----
|
| 049 |
|
|
|a TXAM
|c [952497]
|
| 050 |
0 |
0 |
|a NA791
|b B84
|
| 082 |
0 |
|
|a 720/.9729
|2 19
|
| 100 |
1 |
|
|a Buisseret, David.
|
| 245 |
1 |
0 |
|a Historic architecture of the Caribbean /
|c David Buisseret.
|
| 264 |
|
1 |
|a London ;
|a Exeter, N.H., USA :
|b Heinemann,
|c 1980.
|
| 300 |
|
|
|a xv, 93 pages :
|b illustrations ;
|c 26 cm.
|
| 336 |
|
|
|a text
|b txt
|2 rdacontent
|
| 337 |
|
|
|a unmediated
|b n
|2 rdamedia
|
| 338 |
|
|
|a volume
|b nc
|2 rdacarrier
|
| 504 |
|
|
|a Includes bibliographies and index.
|
| 650 |
|
0 |
|a Architecture
|z Caribbean Area.
|
| 650 |
|
0 |
|a Historic buildings
|z Caribbean Area.
|
| 650 |
|
0 |
|a Vernacular architecture
|z Caribbean Area.
|
| 999 |
|
|
|a MARS
|
| 999 |
f |
f |
|s 58c49a47-3833-3d9b-86e1-1e22dfc69c5e
|i b1ace256-22c9-3477-bb08-34f6b877a803
|t 0
|
| 952 |
f |
f |
|p normal
|a Texas A&M University
|b College Station
|c Sterling C. Evans Library
|s Evans stk
|d Evans: Library Stacks
|t 0
|e NA791 .B84
|h Library of Congress classification
|i unmediated -- volume
|m A14806020916
|
| 998 |
f |
f |
|a NA791 .B84
|t 0
|l Evans: Library Stacks
|